000 00333nam a2200133Ia 4500
005 20251222143305.0
008 251222s9999||||xx |||||||||||||| ||spa||
020 _a84-7057-233-4
082 _a269.2/F66
100 _aFloristan, Casiano
245 0 _aLa Evangelización, tarea del Cristiano
264 _bCristianidad
942 _cLIB
999 _c15488
_d15488